000 00766cam a22002533a 4500
001 5136
003 PGUSA
005 20140828083114.0
008 040201s2004||||xxu|||||s|||||000 | eng d
040 _aPGUSA
_beng
042 _adc
050 4 _aG
100 1 _aStevens, Thomas,
_d1854-1935
245 1 0 _aAround the World on a Bicycle - Volume I :
_bFrom San Francisco to Teheran
_h[electronic resource] /
_cThomas Stevens
260 _bProject Gutenberg,
_c2004
506 _aPublic domain in the USA.
516 _aElectronic text
653 _aBicycle touring
653 _aStevens, Thomas, 1854-1935 -- Travel
653 _aVoyages around the world
830 0 _aProject Gutenberg
_v5136
856 4 0 _uhttp://www.gutenberg.org/ebooks/5136
942 _cEB
999 _c234465
_d234465